Trouvez les races de chats - Statistiques

Statistiques générales
  • Ce quiz a été pris 132 fois
  • Le résultat moyen est 5 sur 16
Statistiques - réponses
Par images Réponse % Correct
Siamois
86%
Sphinx
83%
Bengal
68%
Persan
63%
Main coon
57%
Chartreux
46%
ragdoll
39%
Norvégien
33%
Bleu Russe
20%
Bobtail Americain
7%
Chat Sauvage Européen
7%
Manx
7%
American curl
6%
Mau Egyptien
2%
American wirehair
1%
German rex
0%
Aucun quiz correspondant
Distribution des résultats
% des personnes avec chaque résultat
Percentile par nombre de réponses
Votre historique - résultats
Vous n’avez pas pris ce quiz